000 01108nam0a22002531 4500
001 rc\2681434
005 20260407051128.0
035 _a(NLR Aleph) 006809800
090 _a6331368
_c6331368
100 _a20110915d1932 |||y0rusy50 ca
101 0 _arus
102 _aRU
105 _aa z |||||
200 1 _a[Описание переносной прожекторной станции типа П-35-2 и инструкции по уходу и обращению с ней]
_eАльбом рисунков...
_fВоен.-инж. упр. РККА
210 _aМосква
_cГос. военн. изд-во
_d1932
_g16-я тип. УПП Огиз
215 _a23 с.
_cил.
_d23х31 см.
300 _aНа тит. л.: "Альбом рисунков к Описанию переносной прожектовской станции..."
710 0 1 _aСССР
_bИнженерное управление Красной Армии
_3RU\NLR\AUTH\8810020316
_9538630
801 0 _aRU
_bNLR
_gpsbo
801 1 _aRU
_bELAR
_2rusmarc
852 _aNLR
_j32-13/320
942 _cBOOK
980 _aNB